| 000 | 01434nam a22002057a 4500 | ||
|---|---|---|---|
| 003 | AM-YeHGA | ||
| 005 | 20250617153851.0 | ||
| 008 | 180220s xxu||||| |||| 00| 0 rus d | ||
| 040 | _aAM-YeHGA | ||
| 041 | 0 | _arus | |
| 245 | 0 | 0 |
_aУниверсальная десятичная классификация : _bНефтяная, нефтехимическая, газовая промышленность и смежные области науки и техники / _cЦентр. науч.-исслед. ин-т техн.-экон. исследований по нефт., нефтехим. и газовой пром-сти. |
| 260 |
_aМосква : _bЦНИИТЭнефтегаз, _c1965. |
||
| 300 | _a239 с. | ||
| 650 | 1 | 4 |
_aУниверсальная десятичная классификация _vТаблица |
| 650 | 1 | 4 |
_aНефтяная промышленность _vКлассификация литературы десятичная _xТаблицы |
| 650 | 1 | 4 |
_aГазовая промышленность _vКлассификация литературы десятичная _xТаблицы |
| 710 | 2 | _aЦентральный научно-исследовательский институт технико-экономических исследований по нефтяной, нефтехимической и газовой промышленности | |
| 942 |
_2udc _cBK |
||
| 090 | _c402061 | ||
| 999 |
_c399889 _d399889 |
||